00362nam a2200133Ia 450000500170000000800460001702000180006304000140008104100130009510000220010824500320013026000520016230000140021420250612171838.0008 250505s9999 xx 000 0 eng d a9789393850935 bengcILCL aeng2eng aIlbert, Courtenay 4aThe Mechanics of Law Making aDelhibLaw and Justice Publishing Companyc2023 avii,209p.